00362nam a2200145Ia 4500008004100000020001500041041001200056082001600068100001900084245004100103260003600144300000800180650001500188700001300203221030s9999 xx 000 0 und d a8179290891 aEnglish a105.23bMic aE. A. Michigan 0aSuccessful Selling in 7 Simple Steps bInfinity BooksaNew Delhic2004 a208 aManagement aR. Sethi